Tintin : qui porte le chapeau ? (mort subite) - Statistiques

Statistiques générales
  • Ce quiz a été pris 68 fois
  • Le résultat moyen est 7 sur 12
Answers on the Grid
Answers color-coded by a green-red scale on the quiz's grid according to % correct below.
Tournesol
Madame Clairmont
Tchang
Didi
Milou
Gibbons
Carreidas
Müller
Nestor
Dupond et Dupont
Ramon Zarate
Séraphin Lampion
Nestor Halambique
Oliveira da Figueira
Wang Jen-Ghié
Alfredo Cartoffoli di Milano Arturo Benedetto Giovanni Giuseppe Pietro Archangelo Alfredo Cartoffoli di Milano
 
Statistiques - réponses
Réponse % Correct
Tournesol
97%
Dupond et Dupont
79%
Carreidas
76%
Oliveira da Figueira
63%
Didi
55%
Madame Clairmont
53%
Ramon Zarate
53%
Séraphin Lampion
50%
Gibbons
45%
Nestor Halambique
45%
Wang Jen-Ghié
42%
Müller
32%
Aucun quiz correspondant
Distribution des résultats
% des personnes avec chaque résultat
Percentile par nombre de réponses
Votre historique - résultats
Vous n’avez pas pris ce quiz